000 00425cam a2200169ua 4500
001 5480
008 060101n1997 II |||gr||||Z||||||eng
040 _aMAIN
041 _aEnglish
082 _a336 MIT
100 _aMITHANI, D. M.
245 _aMONEY BANKING INTERNATIONAL TRADE AND PUBLIC FINANCE
260 _aMUMBAI
_bHIMALAYA PUBLISHING HOUSE
_c1997
300 _a1100:
_c24CM.
653 _aPublic finance
942 _cBK
999 _c5465
_d5465